000 00452nmm a2200157Ia 4500
008 251105s9999||||xx |||||||||||||||||und||
020 _a9788498384178
041 _aspa
100 _aMatar, Hisham
245 0 _aHistoria de una desaparición
264 _a[Madrid, España] :
_bEdiciones Salamandra,
_c2012
300 _a224 páginas
650 _aNorth American narrative
856 _uhttps://public.digitaliapublishing.com/a/48197
942 _cCF
999 _c91713
_d91713